Hey, Soul Sister - Train (All lyrics) - Statistics

General Stats
  • This quiz has been taken 263 times
  • The average score is 229 of 294
Answer Stats
Lyrics % Correct
Hey
99%
I
98%
so
98%
So
98%
sister
97%
soul
97%
the
97%
The
97%
a
96%
you
96%
You
96%
On
95%
on
95%
radio
90%
when
89%
Your
89%
your
89%
to
88%
way
88%
know
87%
do
86%
my
85%
My
85%
stereo
85%
miss
84%
move
84%
don't
83%
Mister
83%
of
82%
single
82%
thing
82%
want
82%
Ain't
81%
ain't
81%
that
80%
tonight
80%
Tonight
80%
fair
79%
in
79%
In
79%
lipstick
77%
one
76%
And
75%
and
75%
You're
75%
you're
75%
me
72%
mind
72%
we
72%
wanna
71%
be
70%
front
70%
knew
70%
stains
70%
left
69%
side
68%
dream
66%
blow
65%
I'm
65%
every
64%
have
64%
like
64%
can
63%
is
63%
let
61%
forget
60%
love
60%
only
60%
see
60%
can't
59%
wouldn't
58%
Just
56%
sweet
55%
collided
54%
smell
54%
decided
53%
with
53%
kind
52%
lobe
52%
Mr
51%
need
51%
brains
50%
heart
50%
Madonna
50%
time
50%
track
49%
dreaming
48%
gonna
48%
went
48%
world
48%
drug
46%
glad
45%
virgin
44%
always
43%
chest
43%
connection
43%
deny
43%
right
43%
believe
42%
myself
41%
now
41%
out
41%
Watching
41%
beat
40%
life
40%
obsessed
40%
there's
40%
direction
39%
finally
39%
gangster
39%
gave
39%
nothing
39%
untrimmed
37%
bound
35%
moonbeam
35%
show
33%
cut
32%
game
32%
thug
32%
who's
31%
fact
29%
rug
25%
No matching quizzes found
Score Distribution
Percent of People with Each Score
Percentile by Number Answered
Your Score History
You have not taken this quiz